Pharmaceutics: The Design and Manufacture of Medicines (Record no. 11975)

MARC details
000 -LEADER
fixed length control field 00460nam a22001817a 4500
003 - CONTROL NUMBER IDENTIFIER
control field OSt
008 - FIXED-LENGTH DATA ELEMENTS--GENERAL INFORMATION
fixed length control field 230419b |||||||| |||| 00| 0 eng d
020 ## - INTERNATIONAL STANDARD BOOK NUMBER
International Standard Book Number 9780702081545
082 ## - DEWEY DECIMAL CLASSIFICATION NUMBER
Classification number 615.19 TAP
100 ## - MAIN ENTRY--PERSONAL NAME
Personal name Taylor Kevin M(ed)
245 ## - TITLE STATEMENT
Title Pharmaceutics: The Design and Manufacture of Medicines
250 ## - EDITION STATEMENT
Edition statement 6th Ed
260 ## - PUBLICATION, DISTRIBUTION, ETC. (IMPRINT)
Place of publication, distribution, etc New Delhi
Name of publisher, distributor, etc Elsevier
Date of publication, distribution, etc 2023
300 ## - PHYSICAL DESCRIPTION
Extent 946
650 ## - SUBJECT ADDED ENTRY--TOPICAL TERM
Topical term or geographic name as entry element Pharmaceutics
700 ## - ADDED ENTRY--PERSONAL NAME
Personal name Aulton, Michael.E
942 ## - ADDED ENTRY ELEMENTS (KOHA)
Source of classification or shelving scheme Dewey Decimal Classification
Koha item type Text Books
Holdings
Withdrawn status Lost status Source of classification or shelving scheme Damaged status Not for loan Collection code Home library Current library Date acquired Source of acquisition Currency Cost, normal purchase price Bill Number Total Checkouts Full call number Acc. no. / Barcode Date last seen Actual Cost, discounted price Bill Date Koha item type Date last borrowed
    Dewey Decimal Classification     B.Pharma PIET C-LIBRARY PIET C-LIBRARY 31/03/2023 International Book Centre In Rupees 2595.00 IB/IN/1426   615.19 TAP BP1992 19/04/2023 1686.75 31/03/2023 Reference Books  
    Dewey Decimal Classification     B.Pharma PIET C-LIBRARY PIET C-LIBRARY 31/03/2023 International Book Centre In Rupees 2595.00 IB/IN/1426   615.19 TAP BP1993 19/04/2023 1686.75 31/03/2023 Text Books  
    Dewey Decimal Classification     B.Pharma PIET C-LIBRARY PIET C-LIBRARY 31/03/2023 International Book Centre In Rupees 2595.00 IB/IN/1426 1 615.19 TAP BP1994 09/06/2023 1686.75 31/03/2023 Text Books 08/06/2023
    Dewey Decimal Classification     B.Pharma PIET C-LIBRARY PIET C-LIBRARY 31/03/2023 International Book Centre In Rupees 2595.00 IB/IN/1426   615.19 TAP BP1995 19/04/2023 1686.75 31/03/2023 Text Books  
    Dewey Decimal Classification     B.Pharma PIET C-LIBRARY PIET C-LIBRARY 31/03/2023 International Book Centre In Rupees 2595.00 IB/IN/1426   615.19 TAP BP1996 19/04/2023 1686.75 31/03/2023 Text Books  
    Dewey Decimal Classification     B.Pharma PIET C-LIBRARY PIET C-LIBRARY 31/03/2023 International Book Centre In Rupees 2595.00 IB/IN/1426 1 615.19 TAP BP1997 27/07/2023 1686.75 31/03/2023 Text Books 27/07/2023
    Dewey Decimal Classification     B.Pharma PIET C-LIBRARY PIET C-LIBRARY 31/03/2023 International Book Centre In Rupees 2595.00 IB/IN/1426   615.19 TAP BP1998 19/04/2023 1686.75 31/03/2023 Text Books  
    Dewey Decimal Classification     B.Pharma PIET C-LIBRARY PIET C-LIBRARY 31/03/2023 International Book Centre In Rupees 2595.00 IB/IN/1426   615.19 TAP BP1999 19/04/2023 1686.75 31/03/2023 Text Books  
    Dewey Decimal Classification     B.Pharma PIET C-LIBRARY PIET C-LIBRARY 31/03/2023 International Book Centre In Rupees 2595.00 IB/IN/1426   615.19 TAP BP2000 19/04/2023 1686.75 31/03/2023 Text Books  
    Dewey Decimal Classification     B.Pharma PIET C-LIBRARY PIET C-LIBRARY 31/03/2023 International Book Centre In Rupees 2595.00 IB/IN/1426   615.19 TAP BP2001 19/04/2023 1686.75 31/03/2023 Text Books  

Design & Developed by: PIET Central Library
R70 Miles Stone Pattikalyana Samalkha Panipat 132102
mail ID :- [email protected], Phone No:- 0180-2569700 Ex.216